Parc del Castell de Montesquiu : exposicions temporals : Cabanya del Castell : del febrer al juny de 2014 exposicions temporals :
Publicado:
Barcelona :
Diputació de Barcelona. Àrea de Territori i Sostenibilitat. Gerència de Serveis d'Espais Naturals ,
2014
Descripción Física:
1 f. plegat en 3 parts ; 21 cm
Colección:
Activitats culturals
MARC
| LEADER | 00000nam a2200000Ia 4500 | ||
|---|---|---|---|
| 001 | 24138 | ||
| 008 | 160829s2014 xx 000 0 cat d | ||
| 080 | |a FU-64-82 | ||
| 245 | |a Parc del Castell de Montesquiu : |b exposicions temporals : |b Cabanya del Castell : |b del febrer al juny de 2014 | ||
| 260 | |a Barcelona : |b Diputació de Barcelona. Àrea de Territori i Sostenibilitat. Gerència de Serveis d'Espais Naturals, |c 2014 | ||
| 300 | |a 1 f. plegat en 3 parts ; |c 21 cm | ||
| 490 | |a Activitats culturals | ||
| 650 | |a Parcs naturals |x Barcelona (Província) |x Exposicions |9 49807 | ||
| 710 | 1 | |a Barcelona (Catalunya : Província). |b Xarxa de Parcs Naturals |9 7250 | |
| 710 | 1 | |a Barcelona (Catalunya : Província). |b Gerència de Serveis d’Espais Naturals |9 52730 | |
| 856 | |u www.parcs.diba.cat | ||
| 901 | |a Arxiu | ||
| 942 | |n 1 | ||
| 952 | |0 0 |1 0 |4 0 |6 FU6482 |7 1 |9 55869 |a Arxiu |b Arxiu |d 2016-12-01 |l 0 |o FU-64-82 |p 24138 |r 2016-12-01 00:00:00 |w 2016-12-01 |y ARXIU | ||
| 999 | |c 59742 |d 59742 | ||